[Event "Kandidatklassen"]
[Site "K41"]
[Round "3"]
[White "Martin Haubro"]
[Black "IM Tobias B. Christensen"]
[Result "1/2-1/2"]
[Date "28.03.2013"]
[WhiteElo "2186"]
[BlackElo "2362"]
[Input "DGT4208"]
[Board "game_3"]

1.e4 c5 2.c3 d5 3.exd5 Nf6 4.d4 Nxd5 5.dxc5 e6 6.Nf3 Bxc5 7.Be2 O-O 8.O-O 
Qc7 9.c4 Nf4 10.Nc3 Nc6 11.Bxf4 Qxf4 12.Qc1 Qxc1 13.Raxc1 e5 14.Ne4 Bd4 
15.Nxd4 Nxd4 16.Bd1 Rd8 17.Re1 f6 18.h3 Bf5 19.g4 Bg6 20.Kg2 Ne6 21.Re3 
Nf4+ 22.Kg3 Nd3 23.Rb1 Rd4 24.Bf3 Nc5 25.Rbe1 Nd3 26.R1e2 Nc1 27.Re1 Nxa2 
28.Nc5 Rc8 29.Nxb7 Nb4 30.Rc3 Rdxc4 31.Rxc4 Rxc4 32.Ra1 e4 33.Bg2 Nc6 34.
Ra6 Rb4 35.Nd6 Rb3+ 36.Kh2 Rb6 37.Rxb6 axb6 38.Nxe4 Ne5 39.Kg3 Nd3 40.b3 
Bf7 41.Nd2 Nc5 42.Nc4 Bxc4 43.bxc4 Kf7 44.Bd5+ Ke7 45.Kf4 g5+ 46.Ke3 Kd6 
47.Kd4 h6 48.Bg8 Nd7 49.Bd5 Ne5 50.Be4 Nd7 51.Bd5 Nf8 52.Bg2 Ne6+ 53.Ke4 
Ng7 54.Kd4 h5 55.Bd5 h4 56.Bf7 Ke7 57.Bg8 Kd6 58.Ke4 Kc5 59.f4 gxf4 60.
Kxf4 Kd4 61.Bf7 Kd3 62.g5 fxg5+ 63.Kxg5 Kd4 64.Kxh4 Nf5+ 65.Kg5 Ke5 66.Bd5
Ng3 67.Bb7 Ke6 68.h4 Kf7 69.h5 Nf1 70.h6 Kg8 71.Bd5+ Kh8 72.Kf6 Nd2 
1/2-1/2

[Event "Kandidatklassen"]
[Site "K41"]
[Round "3"]
[White "Bjarke Jensen"]
[Black "Jacob Høyer"]
[Result "1-0"]
[Date "28.03.2013"]
[WhiteElo "2288"]
[BlackElo "2154"]
[Input "DGT1186"]
[Board "game_4"]

1.e4 c5 2.Nf3 Nc6 3.d4 cxd4 4.Nxd4 Nf6 5.Nc3 e5 6.Ndb5 d6 7.Bg5 a6 8.Na3 
b5 9.Bxf6 gxf6 10.Nd5 f5 11.Bd3 Be6 12.O-O Bxd5 13.exd5 Ne7 14.Nxb5 Bg7 
15.Nc3 e4 16.Bc4 Bxc3 17.bxc3 Ng6 18.f3 O-O 19.fxe4 fxe4 20.Qg4 Qe7 21.
Rae1 Rfe8 22.Kh1 Qe5 23.Re3 Rac8 24.Bxa6 Rxc3 25.Bd3 Qxd5 26.Rxe4 Rxe4 27.
Bxe4 Qxa2 28.Qg5 Qc4 29.Qd8+ Nf8 30.Qg5+ Ng6 31.Qd8+ Nf8 32.Bd3 Qe6 33.
Bxh7+ Kg7 34.Bd3 Ng6 35.Qg5 Rc5 36.Qg3 Re5 37.h3 Qe7 38.Bc4 Rg5 39.Qf2 Ne5
40.Bd5 Rg6 41.Qd4 Kg8 42.Qe4 Qg5 43.Bxf7+ Nxf7 44.Qe8+ Kh7 45.Rxf7+ Rg7 
46.Qe4+ Kg8 47.Rxg7+ Kxg7 48.Qg4 1-0

[Event "Kandidatklassen"]
[Site "K41"]
[Round "3"]
[White "Thomas Schou-Moldt"]
[Black "Nikolaj Palm"]
[Result "1/2-1/2"]
[Date "28.03.2013"]
[WhiteElo "2229"]
[BlackElo "2319"]
[Input "DGT1185"]
[Board "game_5"]

1.e4 e5 2.Nf3 Nc6 3.d4 exd4 4.Nxd4 Nf6 5.Nxc6 bxc6 6.e5 Qe7 7.Qe2 Nd5 8.c4
Ba6 9.Nd2 g6 10.Nf3 Bg7 11.Bg5 f6 12.exf6 Qxe2+ 13.Bxe2 Nxf6 14.O-O-O Bc8 
1/2-1/2

[Event "Kandidatklassen"]
[Site "K41"]
[Round "3"]
[White "Jakob Aabling-Thomsen"]
[Black "Niels Nørskov"]
[Result "1-0"]
[Date "28.03.2013"]
[WhiteElo "2341"]
[BlackElo "2261"]
[Input "DGT1179"]
[Board "game_6"]

1.d4 Nf6 2.Nc3 d5 3.Bg5 c5 4.Bxf6 gxf6 5.e3 e6 6.Qh5 cxd4 7.exd4 Bb4 8.Bd3
Nc6 9.Ne2 Bd7 10.O-O Qe7 11.Rfe1 O-O-O 12.a3 Bd6 13.Nb5 Bb8 14.c4 dxc4 15.
Bxc4 Rhg8 16.Rac1 Rg5 17.Qf3 Rdg8 18.Ng3 a6 19.d5 Ne5 20.Qc3 axb5 21.Bxb5+
Kd8 22.Qa5+ 1-0

[Event "Kandidatklassen"]
[Site "K41"]
[Round "3"]
[White "Jens Østergaard"]
[Black "Jesper Søndergaard Thybo"]
[Result "1/2-1/2"]
[Date "28.03.2013"]
[WhiteElo "2273"]
[BlackElo "2062"]
[Input "DGT1182"]
[Board "game_7"]

1.d4 Nf6 2.Nf3 g6 3.c4 Bg7 4.Nc3 d5 5.cxd5 Nxd5 6.e4 Nxc3 7.bxc3 c5 8.Be3 
Bg4 9.Qd2 Nc6 10.d5 Qa5 11.Rc1 Rd8 12.Be2 Qa4 13.Qb2 Ne5 14.Qb5+ Qxb5 15.
Bxb5+ Bd7 16.Bxd7+ Nxd7 17.Ke2 O-O 18.Rhd1 1/2-1/2

[Event "Kandidatklassen"]
[Site "K41"]
[Round "3"]
[White "Jan Nordenbæk Pedersen"]
[Black "Mads Hansen"]
[Result "1/2-1/2"]
[Date "28.03.2013"]
[WhiteElo "2255"]
[BlackElo "2309"]
[Input "DGT1181"]
[Board "game_8"]

1.d4 Nf6 2.c4 e6 3.Nf3 b6 4.g3 Bb4+ 5.Bd2 Qe7 6.a3 Bxd2+ 7.Qxd2 Bb7 8.Bg2 
d6 9.Nc3 c5 10.d5 a6 11.O-O exd5 12.cxd5 Nbd7 13.e4 O-O 14.Nh4 g6 15.f4 
Nh5 16.Rae1 f6 17.Nf3 Rae8 18.Nd1 Bc8 19.Nf2 Rf7 20.Ng4 Qf8 21.e5 Nxe5 22.
Nxf6+ Rxf6 23.fxe5 dxe5 24.Nxe5 Rxf1+ 25.Rxf1 Qg7 26.Nf7 Nf6 1/2-1/2

[Event "Kandidatklassen"]
[Site "K41"]
[Round "3"]
[White "Martin Percivaldi"]
[Black "Martin Matthiesen"]
[Result "1/2-1/2"]
[Date "28.03.2013"]
[WhiteElo "2067"]
[BlackElo "2271"]
[Input "DGT5654"]
[Board "game_9"]

1.d4 Nf6 2.c4 e6 3.g3 d5 4.Nf3 Be7 5.Bg2 O-O 6.O-O dxc4 7.Ne5 Nc6 8.Bxc6 
bxc6 9.Nxc6 Qe8 10.Nxe7+ Qxe7 11.Na3 Rd8 12.Nxc4 c5 13.b3 cxd4 14.Ba3 Qb7 
15.Rc1 Qd5 16.f3 Bb7 17.Be7 Rd7 18.Bxf6 gxf6 19.Nb2 Qg5 20.Nd3 Qe3+ 21.Kg2
Rdd8 22.Nc5 Bd5 23.Qd3 Qxd3 24.exd3 a5 25.Rc2 Ra7 1/2-1/2

[Event "Kandidatklassen"]
[Site "K41"]
[Round "3"]
[White "Simon Wilbrandt"]
[Black "Peter Thorsbro"]
[Result "0-1"]
[Date "28.03.2013"]
[WhiteElo "2046"]
[BlackElo "2226"]
[Input "DGT5655"]
[Board "game_10"]

1.d4 d5 2.c4 c6 3.Nc3 Nf6 4.e3 e6 5.Nf3 Be7 6.Qc2 Nbd7 7.e4 dxe4 8.Nxe4 
O-O 9.Be2 e5 10.dxe5 Nxe5 11.O-O Qc7 12.Bg5 Nfg4 13.g3 f5 14.Nxe5 Nxe5 15.
Bxe7 Qxe7 16.Nd2 f4 17.Rfe1 Qg5 18.Qe4 Bh3 19.Nf3 Nxf3+ 20.Bxf3 Rf6 21.Bg2
Bxg2 22.Kxg2 Raf8 23.Kg1 Rh6 24.Rad1 Qh5 25.h4 Qg4 26.Qd4 Rxh4 27.Rd3 fxg3
28.f4 Qh3 0-1

[Event "Kandidatklassen"]
[Site "K41"]
[Round "3"]
[White "Jens Albert Ramsdal"]
[Black "Henrik E. Bruun"]
[Result "0-1"]
[Date "28.03.2013"]
[WhiteElo "1986"]
[BlackElo "2047"]
[Input "DGT5655"]
[Board "game_10"]

1.e4 d6 2.d4 g6 3.Nc3 Bg7 4.Nge2 Nf6 5.h3 O-O 6.Be3 c5 7.Qd2 cxd4 8.Nxd4 
Nc6 9.O-O-O Nxd4 10.Bxd4 Be6 11.Kb1 Qa5 12.Nd5 Qxd2 13.Nxe7+ Kh8 14.Rxd2 
Nxe4 15.Bxg7+ Kxg7 16.Re2 Nf6 17.c4 Bxc4 18.Rd2 Be6 19.Bb5 Rfd8 20.Rc1 a6 
21.Ba4 b5 22.Bb3 Ne4 23.Rd4 Bxb3 24.axb3 Nc5 25.Rc3 Ne6 26.Rd2 Nf4 27.f3 
Kf6 28.Rc7 d5 29.Rb7 Rd6 30.Rd4 Nxg2 31.Rxd5 Rad8 32.Rc5 Nf4 33.h4 Nd3 34.
Rcc7 Nb4 35.Rc1 Re8 36.Re1 Re6 37.Re4 Rxe4 38.fxe4 Rxe7 39.e5+ Rxe5 0-1

[Event "Kandidatklassen"]
[Site "K41"]
[Round "3"]
[White "Rasmus Thøgersen"]
[Black "Thomine Stolberg-Rohr"]
[Result "1-0"]
[Date "28.03.2013"]
[WhiteElo "1953"]
[BlackElo "2044"]
[Input "DGT5655"]
[Board "game_10"]

1.e4 e5 2.Nf3 Nc6 3.Bb5 a6 4.Ba4 Nf6 5.O-O Be7 6.d3 b5 7.Bb3 O-O 8.a4 Bb7 
9.Re1 d6 10.Nbd2 Na5 11.Ba2 bxa4 12.Bb1 Bc6 13.b4 Nb7 14.c4 Bd7 15.Ba3 c5 
16.bxc5 Nxc5 17.Bxc5 dxc5 18.Nxe5 Bd6 19.Nef3 Ng4 20.e5 Bc7 21.d4 cxd4 22.
Qc2 g6 23.h3 Nh6 24.Ne4 Kg7 25.c5 Bb5 26.Rd1 Qe7 27.Nd6 f6 28.Rxd4 fxe5 
29.Rd5 Nf7 30.Qc3 Bc6 31.Rd3 Qf6 32.Re3 Rab8 33.Ba2 Bxd6 34.cxd6 Qxd6 35.
Bxf7 Bxf3 36.Bc4 Ba8 37.Rxe5 Rf6 38.Rxa4 Qd1+ 39.Re1 Qxa4 40.Re7+ Kh6 41.
Qxf6 Qxc4 42.Qg7+ Kg5 43.Re5+ Kf4 44.Qf6# 1-0

[Event "Kandidatklassen"]
[Site "K41"]
[Round "3"]
[White "Mads-Holger Bang Jacobsen"]
[Black "Peter Willer Svendsen"]
[Result "1/2-1/2"]
[Date "28.03.2013"]
[WhiteElo "2026"]
[BlackElo "2027"]
[Input "DGT5655"]
[Board "game_10"]

1.c4 g6 2.Nc3 Bg7 3.d4 d6 4.Nf3 Nf6 5.e4 O-O 6.Be2 e5 7.d5 Nbd7 8.Bg5 h6 
9.Bh4 a5 10.Nd2 Nc5 11.O-O Qe8 12.b3 Bd7 13.a3 Nfxe4 14.Ndxe4 Nxe4 15.Nxe4
f5 16.Nd2 g5 17.Bg3 f4 18.Ne4 Qg6 19.Bd3 Bf5 20.Qe2 h5 21.Rad1 h4 22.Bxh4 
gxh4 23.Kh1 Bh6 24.f3 Rf7 25.Nf2 Raf8 26.Bxf5 Rxf5 27.h3 e4 28.Qxe4 Re8 
29.Qc2 Bg7 30.Rfe1 Be5 31.Ng4 Kg7 32.Qf2 Qh5 33.Qa7 Bc3 34.Rf1 Rfe5 35.
Qxb7 Qf7 36.Nxe5 Rxe5 37.Qa7 Qe7 38.Rd3 Be1 39.Qd4 Bg3 40.Rd2 Kf7 41.Qd3 
Re3 42.Qh7+ Ke8 43.Qxe7+ Kxe7 44.Rb1 Kf6 45.Kg1 Ke5 46.Kf1 Rc3 47.a4 Kf6 
48.Ke2 Re3+ 49.Kd1 Kf5 50.Re2 Rd3+ 51.Kc2 Re3 52.Rxe3 fxe3 53.Kd3 Bf2 54.
Rb2 Bg1 55.Ke2 Ke5 56.Rb1 Bf2 57.Rf1 Kd4 58.Rxf2 exf2 59.Kxf2 1/2-1/2

[Event "Kandidatklassen"]
[Site "DM2013"]
[Round "4"]
[White "Jacob Carstensen"]
[Black "IM Jens Ove Fries Nielsen"]
[Result "0-1"]
[Date "29.03.2013"]
[WhiteElo "2385"]
[BlackElo "2369"]
[Input "DGT932"]
[Board "game_1"]

1.d4 Nf6 2.Bg5 e6 3.e4 h6 4.Bxf6 Qxf6 5.Nf3 d6 6.Nc3 Nd7 7.Qd2 c6 8.O-O-O 
Be7 9.Kb1 e5 10.Ne2 exd4 11.Nexd4 Nc5 12.Bd3 a5 13.Rhg1 g6 14.Rde1 a4 15.
a3 Nxd3 16.Qxd3 Ra5 17.g4 Bd7 18.h4 Rc5 19.Qe3 Kd8 20.g5 hxg5 21.hxg5 Qg7 
22.e5 Rh3 23.Rg3 Rxg3 24.fxg3 Kc7 25.e6 fxe6 26.Nxe6+ Bxe6 27.Qxe6 Bxg5 
28.Rd1 Be7 29.Nd4 Kb8 30.Qd7 Rd5 31.c3 Bf6 32.Qe8+ Ka7 33.Qe3 Bxd4 34.Rxd4
Rxd4 35.cxd4 Qf6 36.g4 Qf1+ 37.Ka2 Qc4+ 38.Kb1 Qf1+ 39.Ka2 Qc4+ 40.Kb1 Ka6
41.g5 d5 42.Qd2 b6 43.Qf2 Qd3+ 44.Ka1 Kb5 45.Qf6 c5 46.dxc5 bxc5 47.Qd6 
Qf1+ 48.Ka2 Qf7 49.Qf6 Qe8 50.Qd6 d4 51.Ka1 Qc6 52.Qb8+ Kc4 53.Qg8+ Kd3 
54.Ka2 Qe4 55.Qf7 Kd2 56.Qf2+ Qe2 57.Qf4+ Kc2 58.Qf7 Kc1 59.Qb7 Qc4+ 60.
Ka1 Qf1 61.Qe4 Kd2+ 62.Ka2 Qf7+ 63.Kb1 Qf1+ 64.Ka2 d3 65.Qxa4 Qf7+ 66.Ka1 
Ke3 67.Qa5 Qf1+ 68.Ka2 Qc1 69.Qc7 Qc4+ 70.Kb1 Qc2+ 71.Ka2 d2 72.Qg3+ Ke4 
73.Qg4+ Ke5 74.Qe2+ Kf5 75.Qf3+ Kxg5 76.Qg3+ Kf5 77.Qf3+ Ke6 78.Qc6+ Ke5 
79.Qe8+ Kf4 80.Qb8+ Kf3 81.Qb7+ Qe4 0-1

[Event "Kandidatklassen"]
[Site "DM2013"]
[Round "4"]
[White "IM Tobias B. Christensen"]
[Black "Martin Percivaldi"]
[Result "1/2-1/2"]
[Date "29.03.2013"]
[WhiteElo "2362"]
[BlackElo "2067"]
[Input "DGT4472"]
[Board "game_2"]

1.e4 e6 2.d4 d5 3.Nd2 Be7 4.Bd3 c5 5.dxc5 dxe4 6.Nxe4 Nf6 7.Be3 Nxe4 8.
Bxe4 Qc7 9.Qd4 Bf6 10.Qa4+ Bd7 11.Qa3 Bc6 12.Bxc6+ Qxc6 13.Nf3 O-O 14.O-O 
Nd7 15.Rad1 Be7 16.Nd4 Qc8 17.b4 a5 18.Qb3 axb4 19.Nxe6 Re8 20.Bd4 Nxc5 
21.Nxc5 Bxc5 22.Bxc5 Qxc5 23.Rd7 Re7 24.Rd5 Qc3 25.Rb5 Qxb3 26.axb3 Rc8 
27.Rd1 g6 28.Rxb4 Rxc2 29.h4 Kg7 30.g3 Rb2 31.Rd3 h5 32.Kg2 Ree2 33.Rf3 
Re7 34.Rb6 Rd7 35.Rf4 Rc7 36.Rf3 1/2-1/2

[Event "Kandidatklassen"]
[Site "DM2013"]
[Round "4"]
[White "Mads Hansen"]
[Black "Bjarke Jensen"]
[Result "1/2-1/2"]
[Date "29.03.2013"]
[WhiteElo "2309"]
[BlackElo "2288"]
[Input "DGT4208"]
[Board "game_3"]

1.c4 c6 2.g3 d5 3.Nf3 Nf6 4.Bg2 dxc4 5.O-O Nbd7 6.Qc2 Nb6 7.a4 a5 8.Na3 
Nfd5 9.Nxc4 Nb4 10.Qc3 Nxc4 11.Qxc4 Be6 12.Qc3 Nd5 13.Qc2 Nb4 14.Qc3 Nd5 
15.Qe5 Qd6 16.d3 f6 17.Qxd6 exd6 18.Bd2 Nb4 19.Nd4 Bd7 20.Rfc1 Kf7 21.Bf1 
Be7 22.e4 Rhc8 23.f4 d5 24.e5 c5 25.e6+ Bxe6 26.Nxe6 Kxe6 27.Bh3+ f5 28.
Re1+ Kf7 29.Bxf5 Rc6 30.Re2 Bf6 31.Bc3 g6 32.Bd7 Rb6 33.Rd1 Rd8 34.Bg4 d4 
35.Bxb4 Rxb4 36.Rc1 Re8 37.Rxe8 Kxe8 38.Rxc5 Rxa4 39.Be6 Ra1+ 40.Kf2 Rd1 
41.Ke2 Rh1 42.Rb5 Be7 43.Rxb7 Bb4 44.Bg8 Rxh2+ 45.Kf3 Be7 46.b3 h5 47.Bh7 
Kf7 48.Bxg6+ Kxg6 49.Rxe7 Rd2 50.Re6+ Kf7 51.Re5 Rxd3+ 52.Kg2 Rxb3 53.Rxa5
Kg6 54.Rg5+ Kh6 55.Kh3 Rb1 56.Rd5 Rh1+ 57.Kg2 Rd1 58.Rd6+ Kg7 59.f5 d3 60.
Kf2 d2 61.Ke2 Rg1 62.Rg6+ Kf7 63.Kxd2 h4 64.gxh4 Rxg6 65.fxg6+ Kxg6 66.Kc3
Kh5 67.Kb2 Kxh4 1/2-1/2

[Event "Kandidatklassen"]
[Site "DM2013"]
[Round "4"]
[White "Nikolaj Palm"]
[Black "Jan Nordenbæk Pedersen"]
[Result "1/2-1/2"]
[Date "29.03.2013"]
[WhiteElo "2319"]
[BlackElo "2255"]
[Input "DGT1186"]
[Board "game_4"]

1.d4 d5 2.Nf3 Nf6 3.e3 c5 4.b3 cxd4 5.exd4 Nc6 6.Bb2 Bg4 7.Bd3 e6 8.O-O 
Bd6 9.Nbd2 O-O 10.a3 Qc7 11.h3 Bh5 12.Qe1 Bf4 13.g3 Bd6 14.Ne5 Bxe5 15.
dxe5 Nd7 16.f4 Bg6 17.Qe3 Qb6 18.Qxb6 Nxb6 19.g4 Bxd3 20.cxd3 a5 21.Nf3 
Rfc8 22.Rac1 Nd7 23.f5 Nd8 24.Bd4 h6 25.Rfe1 b6 26.Kf1 Nc6 1/2-1/2

[Event "Kandidatklassen"]
[Site "DM2013"]
[Round "4"]
[White "Bo Jacobsen"]
[Black "Jakob Aabling-Thomsen"]
[Result "1/2-1/2"]
[Date "29.03.2013"]
[WhiteElo "2306"]
[BlackElo "2341"]
[Input "DGT1185"]
[Board "game_5"]

1.c4 Nf6 2.g3 c6 3.Nf3 d5 4.Bg2 g6 5.b3 Bg7 6.Bb2 Qb6 7.cxd5 Ne4 8.d4 cxd5
9.O-O Nc6 10.Nc3 Nxc3 11.Bxc3 O-O 12.Ne5 Rd8 13.Nxc6 Qxc6 14.Qd2 Bf5 15.
Rfc1 Qd7 16.e3 Rac8 17.Bb2 1/2-1/2

[Event "Kandidatklassen"]
[Site "DM2013"]
[Round "4"]
[White "Mads-Holger Bang Jacobsen"]
[Black "Jens Østergaard"]
[Result "0-1"]
[Date "29.03.2013"]
[WhiteElo "2026"]
[BlackElo "2273"]
[Input "DGT1179"]
[Board "game_6"]

1.c4 Nf6 2.g3 c5 3.Bg2 Nc6 4.Nc3 g6 5.a3 Bg7 6.Rb1 a5 7.Nf3 d6 8.O-O O-O 
9.d3 Bd7 10.Ne1 Qc8 11.b3 Bh3 12.Nc2 Rd8 13.Be3 Bxg2 14.Kxg2 e6 15.f3 b6 
16.b4 axb4 17.axb4 d5 18.cxd5 Nxb4 19.dxe6 Qxe6 20.Bf2 Nfd5 21.Nb5 Ra2 22.
Nxb4 cxb4 23.Re1 Nc3 24.Nxc3 Bxc3 25.e4 Bxe1 26.Qxe1 Rxd3 27.Qxb4 Rdd2 28.
Rf1 Qd6 29.Qc3 Rac2 30.Qa1 Qc5 31.Qa8+ Kg7 32.Qa1+ f6 33.Qe1 Re2 34.Kg1 
0-1

[Event "Kandidatklassen"]
[Site "DM2013"]
[Round "4"]
[White "Jacob Høyer"]
[Black "Martin Matthiesen"]
[Result "0-1"]
[Date "29.03.2013"]
[WhiteElo "2154"]
[BlackElo "2271"]
[Input "DGT1182"]
[Board "game_7"]

1.d4 Nf6 2.c4 e6 3.Nc3 Bb4 4.e3 b6 5.Ne2 Ba6 6.a3 Be7 7.Nf4 d5 8.Qf3 c6 9.
cxd5 cxd5 10.Bxa6 Nxa6 11.g4 O-O 12.g5 Ne8 13.h4 Nd6 14.Bd2 Nc4 15.Qg4 
Nxb2 16.g6 h6 17.gxf7+ Rxf7 18.Qxe6 Nc7 19.Qg6 Qd7 20.Rg1 Nc4 21.Qxh6 Bxa3
22.Rxa3 Nxa3 23.Nh5 Raf8 24.Ne4 dxe4 25.Bb4 Nc2+ 26.Kd1 Nxb4 0-1

[Event "Kandidatklassen"]
[Site "DM2013"]
[Round "4"]
[White "Niels Nørskov"]
[Black "Sandi Stojanovski"]
[Result "0-1"]
[Date "29.03.2013"]
[WhiteElo "2261"]
[BlackElo "2262"]
[Input "DGT1181"]
[Board "game_8"]

1.e4 c5 2.Nf3 Nc6 3.d4 cxd4 4.Nxd4 Nf6 5.Nc3 e5 6.Ndb5 d6 7.Bg5 a6 8.Na3 
b5 9.Nd5 Be7 10.Bxf6 Bxf6 11.c3 Bg5 12.Nc2 O-O 13.a4 bxa4 14.Rxa4 Rb8 15.
Ncb4 Nxb4 16.cxb4 a5 17.b5 Bd7 18.Nc3 Qb6 19.Bc4 Bd8 20.O-O Qc5 21.Qe2 Be6
22.Rd1 Bb6 23.Bd5 Rbc8 24.Rd3 Qc7 25.Bc6 Kh8 26.Qd2 Bc5 27.Rf3 Bb4 28.Qd3 
g6 29.Nd5 Bxd5 30.Qxd5 f5 31.exf5 Rxf5 32.Rxf5 gxf5 33.Qe6 Rf8 34.Ra1 Bc5 
35.Qh6 Qe7 36.Bd5 e4 37.Re1 Rb8 38.Bc4 Qe5 39.Qe6 Qxe6 40.Bxe6 Rxb5 41.b3 
Kg7 42.g4 Kf6 43.gxf5 Ke5 44.Rd1 Bd4 45.Bg8 d5 46.f6 Rxb3 47.f7 Rf3 48.Rd2
a4 49.Ra2 Bc5 50.Rxa4 Rxf2 51.Kh1 e3 52.Ra8 e2 53.Re8+ Kd4 0-1

[Event "Kandidatklassen"]
[Site "DM2013"]
[Round "4"]
[White "Peter Thorsbro"]
[Black "Thomas Schou-Moldt"]
[Result "1/2-1/2"]
[Date "29.03.2013"]
[WhiteElo "2226"]
[BlackElo "2229"]
[Input "DGT5654"]
[Board "game_9"]

1.d4 g6 2.c4 Nf6 3.Nf3 Bg7 4.Nc3 O-O 5.e4 d6 6.Be2 c5 7.d5 a6 8.a4 e6 9.
O-O exd5 10.cxd5 Bg4 11.Nd2 Bxe2 12.Qxe2 Nbd7 13.a5 Ne8 14.Nc4 Qe7 15.Bd2 
Nc7 16.Bf4 Ne5 17.Bxe5 Bxe5 18.Nxe5 Qxe5 19.Rad1 Qe8 20.Rfe1 Nb5 21.e5 
Qxe5 22.Qxe5 dxe5 23.Rxe5 Nd6 24.Na4 c4 25.Nb6 Rad8 26.Rd4 f6 27.Re6 Rf7 
28.g3 Kg7 29.Rxd6 Rxd6 30.Nxc4 Rd8 31.Nb6 Rc7 32.d6 Rc6 33.d7 Rxb6 34.axb6
Kf7 35.b4 Ke7 36.b5 a5 37.Ra4 Rxd7 38.Rxa5 Rd6 39.Ra6 Ke6 40.Kg2 Kd5 41.
Ra8 f5 42.Rh8 h5 43.Kf3 Kc5 44.Rg8 Kxb5 45.h3 Kxb6 46.g4 fxg4+ 47.hxg4 
Rf6+ 48.Ke3 hxg4 49.Re8 Kc5 50.Re4 b5 51.Rxg4 b4 52.Kd3 Rd6+ 53.Kc2 Rb6 
54.Kb3 Kd5 55.Rxb4 Rxb4+ 56.Kxb4 Kd4 57.Kb5 g5 58.Kc6 Ke5 59.Kd7 Kf6 60.
Ke8 g4 61.Kf8 Kf5 62.Kf7 Kf4 63.Kf6 Kf3 64.Kf5 Kxf2 65.Kxg4 1/2-1/2

[Event "Kandidatklassen"]
[Site "DM2013"]
[Round "4"]
[White "Henrik E. Bruun"]
[Black "Mogens Thuesen"]
[Result "0-1"]
[Date "29.03.2013"]
[WhiteElo "2047"]
[BlackElo "2261"]
[Input "DGT5655"]
[Board "game_10"]

1.e4 c5 2.Nf3 Nc6 3.d4 cxd4 4.Nxd4 Nf6 5.Nc3 e5 6.Nf5 d5 7.exd5 Bxf5 8.
dxc6 bxc6 9.Qf3 Qc8 10.Ba6 Qxa6 11.Qxf5 Be7 12.Qxe5 O-O 13.Qe2 Qa5 14.O-O 
Rfe8 15.Qf3 Rad8 16.Be3 Ba3 17.bxa3 Qxc3 18.Bxa7 Qxc2 19.Rac1 Qa4 20.Bb6 
Rd6 21.Rfe1 Rde6 22.Rxe6 Rxe6 23.Qb3 Qe4 24.h3 h5 25.Be3 Nd5 26.Qc4 Qf5 
27.Qc2 Qe5 28.Qd3 Rg6 29.Bd2 Qb2 30.Re1 Qxa2 31.Bc1 Qa1 32.Qf5 Re6 33.Rd1 
Nf6 34.Qc2 Qe5 35.Bb2 Qa5 36.Kh2 Nd5 37.Bc1 Qc7+ 38.g3 Qe5 39.Qd3 Rf6 40.
Kg2 h4 41.Bd2 Rg6 42.Re1 Qxe1 43.Qxg6 Qxd2 44.Qxc6 g6 45.a4 hxg3 46.Kxg3 
Qf4+ 47.Kg2 Qf5 48.Qe8+ Kg7 49.a5 Nf4+ 50.Kg1 Nxh3+ 0-1

[Event "Kandidatklassen"]
[Site "DM2013"]
[Round "4"]
[White "Tommy Schmidt"]
[Black "Martin Haubro"]
[Result "1-0"]
[Date "29.03.2013"]
[WhiteElo "2195"]
[BlackElo "2186"]
[Input "DGT5655"]
[Board "game_10"]

1.d4 Nf6 2.c4 c5 3.d5 e6 4.Nc3 exd5 5.cxd5 d6 6.Nf3 g6 7.Bf4 a6 8.a4 Bg7 
9.h3 O-O 10.e3 Qe7 11.Nd2 Nbd7 12.Be2 Ne8 13.O-O Nc7 14.Nde4 Ne8 15.Re1 f5
16.Nd2 Nc7 17.Nc4 Ne5 18.Nb6 Rb8 19.a5 Bd7 20.Rb1 Na8 21.Nxd7 Qxd7 22.b4 
c4 23.Qc2 Rfc8 24.Rec1 b5 25.e4 Rf8 26.exf5 Qxf5 27.Qxf5 Rxf5 28.Bg3 Re8 
29.Re1 Nc7 30.Ne4 Nf7 31.Nxd6 Nxd6 32.Bxd6 Nxd5 33.Bg4 Rd8 34.Bxf5 gxf5 
35.Be5 Bf8 36.Red1 Kf7 37.Rb2 Rd7 38.Bh8 Ke6 39.Re2+ Kd6 40.Re8 Be7 41.Ra8
Kc6 42.Rxa6+ Kb7 43.Re6 Bxb4 44.a6+ 1-0

[Event "Kandidatklassen"]
[Site "DM2013"]
[Round "4"]
[White "Jesper Søndergaard Thybo"]
[Black "Rasmus Thøgersen"]
[Result "1-0"]
[Date "29.03.2013"]
[WhiteElo "2062"]
[BlackElo "1953"]
[Input "DGT5655"]
[Board "game_10"]

1.d4 Nf6 2.c4 g6 3.Nc3 Bg7 4.e4 d6 5.Nf3 O-O 6.Be2 e5 7.O-O Nc6 8.d5 Ne7 
9.b4 Nh5 10.g3 f5 11.Ng5 Nf6 12.Bf3 c6 13.Bg2 h6 14.Ne6 Bxe6 15.dxe6 fxe4 
16.b5 d5 17.Ba3 Re8 18.cxd5 cxd5 19.Qb3 Qc8 20.Rad1 Qxe6 21.Nxe4 Nxe4 22.
Bxe4 Kh7 23.Bxe7 Rxe7 24.Rxd5 Rf8 25.Qd3 Rf6 26.Kg2 Ref7 27.Qe2 Kh8 28.
Rfd1 Bf8 29.Bc2 Bb4 30.Rd8+ Rf8 31.Qe3 Kg7 32.R8d7+ R8f7 33.Rxf7+ Qxf7 34.
Qxe5 Kh7 35.Qd4 b6 36.Bb3 Qb7+ 37.Kh3 Be7 38.Qc4 Rf8 39.Qe6 Qc8 40.Rd7 1-0

[Event "Kandidatklassen"]
[Site "DM2013"]
[Round "4"]
[White "Jens Albert Ramsdal"]
[Black "Simon Wilbrandt"]
[Result "1/2-1/2"]
[Date "29.03.2013"]
[WhiteElo "1986"]
[BlackElo "2046"]
[Input "DGT5655"]
[Board "game_10"]

1.e4 c5 2.Nf3 Nc6 3.d4 cxd4 4.Nxd4 e5 5.Nb5 d6 6.N1c3 a6 7.Na3 Be6 8.Nc4 
Rb8 9.Ne3 Nf6 10.g3 Be7 11.Bg2 O-O 12.O-O b5 13.Ncd5 Qd7 14.c3 Rfc8 15.Qd3
Na5 16.Rd1 Nxd5 17.Nxd5 Bf8 18.Be3 Nc4 19.Rab1 Bxd5 20.Qxd5 Nxe3 21.fxe3 
b4 22.c4 Qa7 23.Qd3 b3 24.a3 a5 25.Rbc1 Rc7 26.Rc3 a4 27.Bh3 Rb6 28.Kf2 
Rbc6 29.Rdc1 Be7 30.Qe2 Bg5 31.Bf1 Bd8 32.Rd1 Re7 33.Rcc1 Bb6 34.Bh3 Bc5 
35.Qd3 Re8 36.Rc3 Qe7 37.Qe2 g6 38.Qg4 Rc7 39.Qf3 Rb7 40.Rb1 Kg7 41.Kg1 
Qg5 42.Rf1 Rh8 43.Bg2 Qe7 44.h4 Rbb8 45.Bh3 h5 46.Rcc1 Rbf8 47.Rf2 f6 48.
Kh2 Rf7 49.Rg1 Rh6 50.Qe2 Rf8 51.Rgf1 Qa7 52.Rf3 Qb7 53.Qf2 Qe7 54.Qd2 
1/2-1/2

[Event "Kandidatklassen"]
[Site "DM2013"]
[Round "4"]
[White "Thomine Stolberg-Rohr"]
[Black "Peter Willer Svendsen"]
[Result "1-0"]
[Date "29.03.2013"]
[WhiteElo "2044"]
[BlackElo "2027"]
[Input "DGT5655"]
[Board "game_10"]

1.e4 e5 2.Bc4 Nf6 3.d3 Nc6 4.Nc3 Be7 5.f4 d6 6.Nf3 O-O 7.f5 Nd4 8.O-O c6 
9.Bb3 b5 10.Nxd4 exd4 11.Ne2 c5 12.Nf4 Bb7 13.a3 Rc8 14.g4 c4 15.Ba2 Nd7 
16.Qe2 Ne5 17.Nh5 f6 18.Nf4 Rf7 19.Ne6 Qb6 20.Bf4 d5 21.Bxe5 fxe5 22.exd5 
Bxd5 23.Qxe5 Qb7 24.Rae1 Bh4 25.Re2 Bf3 26.Rd2 Re7 27.Qf4 Bd5 28.g5 Bxe6 
29.fxe6 cxd3 30.cxd3 1-0

[Event "Kandidatklassen"]
[Site "DM2013"]
[Round "5"]
[White "Peter Willer Svendsen"]
[Black "Jens Albert Ramsdal"]
[Result "1/2-1/2"]
[Date "30.03.2013"]
[WhiteElo "2027"]
[BlackElo "1986"]
[Input "DGT5655"]
[Board "game_10"]

1.d4 Nf6 2.c4 e6 3.Nf3 b6 4.g3 Bb7 5.Bg2 Be7 6.O-O O-O 7.Nc3 Ne4 8.Qc2 
Nxc3 9.Qxc3 f5 10.Rd1 d6 11.b3 Nd7 12.Bb2 Qe8 13.Rac1 Qh5 14.Ne1 Bxg2 15.
Nxg2 g5 16.Qf3 Qh3 17.Ne1 Nf6 18.Qg2 Qh5 19.e3 Rad8 20.Nd3 Ng4 21.Re1 Qg6 
22.Rcd1 h5 23.e4 Rf7 24.exf5 exf5 25.Qd5 Nf6 26.Qe6 Bf8 27.Qe2 Rdd7 28.f3 
Rh7 29.d5 Rdf7 30.Kh1 Re7 31.Qf2 Ref7 32.Re6 Be7 33.Rde1 h4 34.gxh4 Rxh4 
35.Qxh4 gxh4 36.Rg1 Kh7 37.Rxg6 Kxg6 38.Nf4+ Kh7 39.Kg2 Nd7 40.Kh3 Nf8 41.
Re2 Ng6 42.Nxg6 Kxg6 43.Rg2+ Kh5 44.Rg8 Bg5 45.Rg7 Rxg7 46.Bxg7 Bf4 47.Bf6
Bg5 48.Bc3 Bf4 49.Be1 Bg5 50.a4 a5 51.Bf2 Bf6 52.Be3 Bg5 53.Bd4 Bf4 54.Kg2
Kg5 55.Bc3 Be5 56.Be1 Bf6 57.Kf2 Be5 58.Kg2 Bf6 59.Bd2+ Kg6 60.b4 axb4 61.
Bxb4 Bd8 62.Be1 Kg5 63.Bd2+ Kf6 64.f4 Kg6 65.a5 bxa5 66.Bxa5 Kh5 67.h3 Kg6
68.Kf3 Kf7 69.Ke3 Ke8 70.Be1 Kd7 71.Kd3 c6 72.Bf2 cxd5 73.cxd5 Be7 74.Kc4 
Kc7 75.Kb5 Kb7 76.Bd4 Bd8 77.Bg7 Bb6 78.Bf8 Kc7 79.Be7 Bf2 80.Ka6 Bg3 81.
Bg5 Bf2 82.Kb5 1/2-1/2

[Event "Kandidatklassen"]
[Site "DM2013"]
[Round "5"]
[White "Simon Wilbrandt"]
[Black "Thomine Stolberg-Rohr"]
[Result "1-0"]
[Date "30.03.2013"]
[WhiteElo "2046"]
[BlackElo "2044"]
[Input "DGT5655"]
[Board "game_10"]

1.d4 g6 2.e4 Bg7 3.Nf3 d6 4.Bc4 Nf6 5.Qe2 O-O 6.e5 Ne8 7.O-O d5 8.Bd3 Na6 
9.c3 c6 10.Nbd2 Nec7 11.Re1 c5 12.Nf1 cxd4 13.cxd4 Nb4 14.Bb1 Ne6 15.Be3 
b6 16.Qd2 Nc6 17.h4 b5 18.Ng3 Qa5 19.Qd1 Bd7 20.h5 Rfc8 21.Nh4 Nexd4 22.
Bxd4 Nxd4 23.hxg6 hxg6 24.Bxg6 Qb6 25.Bd3 Qh6 26.Nhf5 Nxf5 27.Nxf5 Bxf5 
28.Bxf5 e6 29.Bd3 Rab8 30.Qg4 b4 31.Re3 Kf8 32.Rd1 Bh8 33.Rh3 Qg7 34.Qh4 
Qxe5 35.Qxh8+ Qxh8 36.Rxh8+ Ke7 37.Rh1 Rh8 38.Rxh8 Rxh8 39.Rc1 Kd6 40.f3 
e5 41.Kf2 f6 42.a3 bxa3 43.bxa3 Rb8 44.Rb1 Rc8 45.a4 Rc3 46.Ke2 Ra3 47.Bc2
Rc3 48.Kd2 Rc7 49.a5 Rc5 50.Ra1 Kc6 51.Bd3 Kd6 52.a6 Rc6 53.Rb1 e4 54.fxe4
dxe4 55.Be2 f5 56.Ke3 Rc2 57.Rb7 f4+ 58.Kf2 Rc7 59.Bd1 Rxb7 60.axb7 Kc7 
61.Bc2 e3+ 62.Kf3 a5 63.Bd1 Kxb7 64.Kxf4 a4 65.Kxe3 1-0

[Event "Kandidatklassen"]
[Site "DM2013"]
[Round "5"]
[White "Rasmus Thøgersen"]
[Black "Mads-Holger Bang Jacobsen"]
[Result "1/2-1/2"]
[Date "30.03.2013"]
[WhiteElo "1953"]
[BlackElo "2026"]
[Input "DGT5655"]
[Board "game_10"]

1.e4 c5 2.Nf3 e6 3.d4 cxd4 4.Nxd4 Nc6 5.Nc3 Qc7 6.Be3 a6 7.Bd3 Nf6 8.O-O 
Be7 9.f4 d6 10.Qe2 O-O 11.Kh1 Bd7 12.a4 Rac8 13.g4 Nxd4 14.Bxd4 e5 15.Nd5 
Nxd5 16.exd5 Bxg4 17.Qxg4 exd4 18.Ra3 Qc5 19.Qh5 f5 20.Qf3 g6 21.Raa1 Bf6 
22.Rg1 Bg7 23.h4 Rce8 24.Rae1 1/2-1/2